000 00403nam a2200181Ia 4500
005 20250603145225.0
008 250603s9999 xx 000 0 und d
020 _a9780393972788
050 _aPR 4746 .H37/
100 _aHardy, Thomas.
245 0 _aJude the obscure
260 _aNew York
260 _bW. W. Norton
260 _c1999
300 _a465b p
650 _aNew York
942 _cBK
999 _c41236
_d41236